|
|
|
|
| LEADER |
00000cam a2200000 7i4500 |
| 001 |
0000000099 |
| 005 |
20000717.0 |
| 020 |
0 |
0 |
|a 0887306187
|
| 090 |
0 |
0 |
|a 658.42
|b DRU 1993
|
| 100 |
1 |
0 |
|a DRUCKER
|h Peter Ferdinand
|c 1909-
|
| 245 |
1 |
0 |
|a Innovation and entrepreneurship :
|b Practice and principles
|c Peter F. Drucker
|
| 260 |
0 |
0 |
|a New York, USA :
|b HarperBusiness ,
|c 1993
|
| 300 |
|
|
|a ix, 277 p. ;
|c 21 cm.
|
| 500 |
0 |
0 |
|a Includes index
|
| 650 |
0 |
0 |
|a Entrepreneur
|
| 650 |
0 |
0 |
|a New business enterprises
|z United States
|
| 650 |
0 |
0 |
|a Small business
|z United States
|
| 999 |
|
|
|a 0000001081
|b Monograph
|c Open Shelf
|e Default branch
|